000 00468nmm a2200169Ia 4500
008 251105s9999||||xx |||||||||||||||||und||
041 _aspa
100 _aJorge Romero, Pedro
245 0 _aAnatema
264 _a[Madrid, España] :
_bEdiciones B,
_c2014
300 _a736 páginas
650 _aScience fiction & Fantasy
700 _aJorge Romero, Pedro
700 1 _a Stephenson, Neal
856 _uhttps://public.digitaliapublishing.com/a/54054
942 _cCF
999 _c67314
_d67314